000 00336nam a22001457a 4500
005 20240130120208.0
008 240130b |||||||| |||| 00| 0 eng d
020 _a0-19-566-758-1
041 _aeng
100 _aAPTE, GOVIND
_98413
245 _aSERVICES MARKETING
260 _aNEW YORK
_bOXFORD
_c2004
300 _a440'P
942 _cBK
999 _c8509
_d8507